Celebrities With "P" Names by Picture - Statistics

General Stats
  • This quiz has been taken 110 times
  • The average score is 6 of 11
Answer Stats
Picture Answer % Correct
Paul McCartney
91%
Paul Rudd
73%
Patrick Swayze
58%
Pedro Pascal
56%
Patrick Stewart
54%
Paul Newman
48%
Paul Reubens
46%
Peter Dinklage
45%
Paula Abdul
44%
Peter Jackson
38%
Paul Giamatti
29%
No matching quizzes found
Score Distribution
Percent of People with Each Score
Percentile by Number Answered
Your Score History
You have not taken this quiz